00936cam a22002297a 4500003000500000005001700005008004100022010000900063011000900072035000900081040000900090100004700099245017700146260004200323300003100365502006500396650004700461650004600508650004100554650004200595710006900637CHAP20220329133151.0971013s1991 r 00010 d a2906 a3878 a3079 cCHAP00aRodríguez Hernández, Filimón Rafael. 0aImpacto económico de las tecnologías del Instituto Nacional de Investigaciones Forestales y Agropecuarias (INIFAP) en el Distrito de Desarrollo No. 151, Cárdenas Tab. aMontecillo, Méx. :bEl autor,c1991 a112 h.b: ilus. ; gráfs. aTesis (M.C. Esp. en Economía) -- C.P. Centro de Economía14aAgriculturaxAspectos economicosxTabasco.14aAgriculturaxInnovaciones tecnológicas.14aAgriculturaxInvestigacionxTabasco.14aBosquesxInnovaciones tecnológicas.0 aColegio de Postgraduados. Chapingo, Méx. Centro de Economía.